[Event "CZE-ch U14"]
[Site "Harrachov"]
[Date "2024.10.28"]
[Round "3"]
[White "Simunek, Petr"]
[Black "Lutskiy, Mikhail"]
[Result "0-1"]
[WhiteElo "1526"]
[BlackElo "1742"]
[PlyCount "88"]
[EventDate "2024.10.26"]
[EventType "swiss"]
[EventRounds "9"]
[EventCountry "CZE"]
[SourceTitle "CB45_2024"]
[Source "ChessBase"]
[SourceDate "2024.11.06"]
[SourceVersion "1"]
[SourceVersionDate "2024.11.06"]
[SourceQuality "1"]

1. e4 c5 2. Nf3 g6 3. c4 Bg7 4. d4 cxd4 5. Nxd4 Nc6 6. Be3 d6 7. Be2 Nf6 8. Nc3 Bd7 9. 0-0 0-0 10. f4 Nxd4 11. Bxd4 Bc6 12. Bf3 Rc8 13. Rc1 b6 14. b3 Qc7 15. Qd2 Qb7 16. Rfe1 Rfd8 17. Qf2 Re8 18. Nd5 Bxd5 19. exd5 Qd7 20. h3 Qf5 21. Qd2 h5 22. Re2 Bh6 23. Be3 Rc7 24. Kh2 b5 25. g3 Rec8 26. Qa5 Qd7 27. Rec2 e5 28. dxe6 Qxe6 29. Bxa7 bxc4 30. Bb6 Re7 31. Rxc4 Rxc4 32. bxc4 h4 33. Bf2 Ne4 34. Qa8+ Re8 35. Qxe4 Qxe4 36. Bxe4 Rxe4 37. Kg2 Re2 38. a3 Bg7 39. Kf3 Ra2 40. gxh4 Rxa3+ 41. Kg4 f5+ 42. Kg5 Kf7 43. Rd1 Bf6+ 44. Kh6 Ra8 0-1